The possibility of an all-knowing God

Bibliographic Details
Main Author: Kuanving, Jonathan L. (Author)
Format: Book
Published: London : Macmillan , 1986
Series:Library of philogophy and religion
Subjects:

MARC

LEADER 00000cam a2200000 7i4500
001 0000007640
005 20030112093000.0
008 021119s1986
020 |a 0333406214 
090 0 0 |a BT131   |b .K9 
100 0 |a Kuanving, Jonathan L. ,   |e author 
245 1 4 |a The possibility of an all-knowing God   |c Jonathan L. Kuanving 
260 2 |a London :   |b Macmillan ,   |c 1986 
300 |a 181 p. ;   |c 22 cm. 
440 0 0 |a Library of philogophy and religion 
504 |a Includes bibliographical references (p. 172) and index 
650 0 |a God   |x Omniscience 
999 |a 1000007873   |b Book   |c OPEN SHELF (30 DAYS)   |e Gong Badak Campus